000 00327nam a2200133Ia 4500
008 240624s9999 xx 000 0 und d
041 _aeng
082 _a823 MAS
100 _aMASON EMILY
245 _aGHOST DETECTIVES THE LOST BRIDE
260 _c2012
_aLondon
_bPuffin Books
300 _a211p. : cm. ; 20
365 _cRS
_b25
999 _c19903
_d19903